000 00595nam a22001817a 4500
999 _c195541
_d195541
005 20230403110904.0
010 _aENG-136589
020 _c500.00
_a9789381615102
035 _aEN-120121
037 _bDBAD/PUB
082 _a954.035
245 _aIndia of Mahatama Gandhi's dream/
_cedited by Kiran Angra;Manpreet Bajwa
260 _aNew Delhi
_bPragatisheel prakashan
_c2019
270 _aN3/25 First Floor Mohan Garden Uttam nagar
_bNew Delhi
_e110059
300 _a126p.;
_c23cm(pbk)
700 _aedited by Kiran Angra; Manpret Bajwa
942 _2ddc
_cEN
_mIND
_h954.035